000 00389nam a2200169Ia 4500
100 _aTaub/Herbert/ Schilling/D.L
250 _a2
942 _cBK
366 _f20
654 _acommunication
245 _aPrinciples of communication systems
260 _bTata Mc Graw hill Ltd.
_aNew Delhi
_c1986
082 _a621.382/TAU
_bTAU
300 _a759
546 _aENGLISH
999 _c21272
_d21272